000 00927nam a22002417a 4500
001 48074
003 BD-RjUL
005 20211209054444.0
008 160811s1955 bg ||||| |||| 00| 0 ben d
020 _c: TK 20.00
035 _a(BD-RjUL)48193
040 _aBD-RjUL
_bben
_cBD-RjUL
041 _aben
082 _223
_a891.51
_bIQR 1955
100 _aইকবাল, মোহাম্মদ
_9145740
245 1 0 _aরুমূয-ই-বেখুদী /
_cমোহাম্মদ ইকবাল
260 _aঢাকা :
_bপাকিস্তান পাবলিকেশন্স,
_c১৯৫৫
300 _a১১৭ পৃ. ;
_c১৭ সেমি.
650 _aইরানিয়ান কবিতা
_9145741
650 _aIranian Poetry
_9145742
700 _aহক, আবুল ফরাহ মুহম্মদ আবদুল, অনুবাদ
_9145743
942 _2ddc
_cBK
_01
999 _c48074
_d48074